1312 1700 1467 1208 1955 1242 1290 1908 1346 1561 1195 1566 1222 1892 1593 1611 1092 1238 1512 1406 1844 1003 1558 1171 1770 1034 1375 1547 1659 1609 1150 1156 1530 1801 1842 1508 1855 1820 1423 1318 1723 1157 1954 1695 1142 1864 1523 1534 1414 1094 1542 1942 1114 1811 1752 1730 1482 1572 1591 1046 1570 1024 1930 1146 1895 1600 1844 1834 1303 1495 1774 1529 1111 1690 1368 1435 1647 1031 1018 1922 1418 1349 1063 1219 1828 1421 1939 1856 1052 1753 1282 1358 1647 1507 1568 1577 1950 1247 1109 BCNSPRNW ULIB Ver.6.0+V

เปลี่ยนเป็นภาษาไทย

Change to English
 แสดงรายละเอียดบรรณานุกรม
  กลับหน้าหลัก

Brief Record : Get Marc (ISO 2709) : E-mail record : QR code < ปิดหน้าต่าง
LEADER : 00000nam 2200000uu 4500
001    13399126883
003     ULIB
008    190826s2561||||th 000 0 tha d
020    ^a9786164261204
060    ^aWY152.5^bก226
100    ^aจรัญ สายะสถิตย์, บรรณาธิการ
245    ^aการพยาบาลผู้ป่วยวิกฤตหัวใจ = Cardiac critical care nursing
250    ^aพิมพ์ครั้งที่ 2
260    ^aพิษณุโลก :^bมหาวิทยาลัยนเรศวร,^c2561
300    ^a171 หน้า :^bภาพประกอบ ;^c26 ซม.
650    ^aการพยาบาลผู้ป่วยวิกฤต
650    ^aหัวใจ -- โรค -- การรักษา
945    ^p390^l0^i27481
945    ^p390^l0^i27485
945    ^p390^l0^i27484
945    ^p390^l0^i27483
945    ^p390^l0^i27482
999    ^aกัณชพร จุลอักษร
รายการนี้ยังไม่มีแท็ก
คุณยังไม่ได้ล็อกอิน คุณสามารถมีกิจกรรมร่วมกับเว็บไซต์ได้ แต่ต้องล็อกอินก่อน ::
  ล็อกอิน

รายการสื่อสารสนเทศ

ลำดับที่ ประเภท เลขเรียก/บาร์โค้ด สถานที่ สถานะ
1. หนังสือสำรอง
หนังสือสำรอง
WY152.5 ก226 ฉ.1 
  Barcode: 27481
ห้องสมุดวิทยาเขตนครสวรรค์
►หนังสือทั่วไป:l:General Books
บนชั้น
2. วิทยาศาสตร์การแพทย์ และสุขภาพ
วิทยาศาสตร์การแพทย์ และสุขภาพ
WY152.5 ก226 ฉ.2 
  Barcode: 27482
ห้องสมุดวิทยาเขตนครสวรรค์
►หนังสือทั่วไป:l:General Books
บนชั้น
3. วิทยาศาสตร์การแพทย์ และสุขภาพ
วิทยาศาสตร์การแพทย์ และสุขภาพ
WY152.5 ก226 ฉ.3 
  Barcode: 27483
ห้องสมุดวิทยาเขตนครสวรรค์
►หนังสือทั่วไป:l:General Books
บนชั้น
4. วิทยาศาสตร์การแพทย์ และสุขภาพ
วิทยาศาสตร์การแพทย์ และสุขภาพ
WY152.5 ก226 ฉ.4 
  Barcode: 27484
ห้องสมุดวิทยาเขตนครสวรรค์
►หนังสือทั่วไป:l:General Books
บนชั้น
5. วิทยาศาสตร์การแพทย์ และสุขภาพ
วิทยาศาสตร์การแพทย์ และสุขภาพ
WY152.5 ก226 ฉ.5 
  Barcode: 27485
ห้องสมุดวิทยาเขตนครสวรรค์
►หนังสือทั่วไป:l:General Books
บนชั้น

รายการใกล้เคียง
    ชื่อเรื่อง [การพยาบาลผู้ป่วยวิกฤตหัวใจ = Cardiac critical care nursing]

    ผู้แต่ง [จรัญ สายะสถิตย์, บรรณาธิการ]

    หัวเรื่อง [การพยาบาลผู้ป่วยวิกฤต]
    หัวเรื่อง [หัวใจ -- โรค -- การรักษา]

BibComment


ยังไม่เคยถูกคอมเมนท์

คอมเมนท์ทรัพยากรรายการนี้
  คอมเมนท์: การพยาบาลผู้ป่วย..


 Copyright 2026. Bcnsprnw @Library